| 000 | 00631nac a22001691u 4500 | ||
|---|---|---|---|
| 008 | 090531t xxu||||| |||| 00| 0 eng d | ||
| 020 | _a8123904010 | ||
| 082 |
_a621.75 _bC3661 |
||
| 100 |
_aChapman, W.A.J. _95663 |
||
| 245 |
_aWorkshop technology.part 1: _b an introductory course/ _cW.A.J. Chapman |
||
| 250 |
_a5th ed. _bin SI units |
||
| 260 |
_aNew Delhi _bCBS _c1995 |
||
| 300 |
_a412 p: _billus; _c21 cm |
||
| 650 |
_aMachine-shop practice _95664 |
||
| 942 |
_cNB _k621.75 C3661 _2ddc |
||
| 999 |
_c370 _d370 |
||